Ethnische Komposition des Staates und der Verlauf der sozialen, ökonomischen und politischen Umwälzung in Mitteleuropa

Titel: Ethnische Komposition des Staates und der Verlauf der sozialen, ökonomischen und politischen Umwälzung in Mitteleuropa
Verfasser:
In: Verwestlichung Europas, (1999), Seite 123-149, 6 Tab.
alle Artikel anzeigen
Veröffentlicht: 1999
Format: Aufsatz
Sprache: Deutsch
Kein Bild verfügbar
X
alg: 39146190
001A    $01999:11-11-16 
001B    $01999:25-04-21 $t10:51:59.000 
001D    $01999:11-11-16 
001U    $0utf8 
001X    $00 
002@    $0Aox 
003@    $0391461907 
007A    $0391461907 $aHEB 
007T    $0Herd42082 
010@    $ager 
011@    $a1999 
021A    $aEthnische Komposition des Staates und der Verlauf der sozialen, ökonomischen und politischen Umwälzung in Mitteleuropa 
028A    $aSekelj $dLaslo 
031A    $h123-149, 6 Tab. $j1999 
039B    $aIn $8--Aaxaf--. Verwestlichung Europas. - Poznan : Wydawn. Fundacji Humaniora, 1999. - 323 S.. - graph. Darst.. - ISBN 3-901449-66-3 $x199900000000000877 $9097803111 
045F    $a909 $eDDC23BSB 
045F/01 $a909 
045F/03 $g437 

lok: 39146190 78

exp: 39146190 78 1 #EPN
201B/01 $003-04-17 $t17:53:37.000 
201U/01 $0utf8 
203@/01 $0787555983 
208@/01 $a11-11-16 $be 
209A/01 $a/ $f000 $x00 
220C/01 $aTitelaufnehmer: cs 
244Z/01 $2Trx $#Kesk- ja Ida- Euroopa kontseptsioonid $#Vidurio Europos koncepcijos $#East-Central Europe $#Keletközépeurópa-eszmék $#Europa Środkowo-Wschodnia koncepcje $#Európa stredovýchodná koncepcie $#Evropa střední, východní část koncepce $#Mitteleuropa $#Osteuropakonzeptionen $#Europa Środkowa koncepcje $#Stredná Európa koncepcie $#Střední Europa koncepce $8--Trx--Ostmitteleuropakonzeptionen $x01 $9391364286 
244Z/01 $aGeschichte 1989-1999 $x02 
244Z/01 $2Trx $#suhted, ühiskondlikud-riiklikud $#santykiai, valstybės ir visuomenės $#relations, society-state $#kapcsolatok, állami-társadalmi $#stosunki społeczeństwo-państwo $#vzťahy spoločensko-štátne $#vztahy společensko-státní $8--Trx--Beziehungen, gesellschaftlich-staatliche $x03 $9391360213 
244Z/01 $2Trx $#demokratiseerimine $#demokratizacija $#democratisation $#demokratizálás $#demokratyzacja $#demokratizácia $#demokratizace $8--Trx--Demokratisierung $x04 $9391366114 
244Z/01 $2Trx $#suhted, riiklikud $#santykiai, tautiniai $#relations, national $#kapcsolatok, nemzetközi $#stosunki narodowościowe $#vzťahy národnostné $#vztahy národnostní $8--Trx--Beziehungen, nationale $x05 $9391365924 
244Z/01 $2Trx $#transformatsioon 1989- $#transformacijos 1989- $#transformation 1989- $#átalakítás 1989- $#transformacje ustrojowe 1989- $#transformácia 1989- $#transformace 1989- $8--Trx--Transformation$g1989- $x06 $9391366122 
244Z/01 $2Trx $8--Trx--Einzelbeiträge $x07 $9391384570 
245Z/01 $a07.04 $x01 
247C/01 $82080>Marburg/Lahn, Herder-Institut, Forschungsbibliothek, Bibliographieportal $9336309341
LEADER 00000caa a22000002c 4500
001 391461907
003 DE-603
005 20210425105159.0
007 tu
008 161111s1999 xx |||| | u00||u|ger c
035 |a (DE-599)HEB391461907 
040 |a DE-603  |b ger  |c DE-603  |d DE-603 
041 |a ger 
082 0 4 |8 1\u  |a 909  |q DE-101  |2 23/BSB 
085 |8 1\u  |b 909 
085 |8 1\u  |z 2  |s 437 
100 1 |a Sekelj, Laslo 
245 0 0 |a Ethnische Komposition des Staates und der Verlauf der sozialen, ökonomischen und politischen Umwälzung in Mitteleuropa 
264 0 |c 1999 
773 0 8 |i In  |t Verwestlichung Europas  |d Poznan : Wydawn. Fundacji Humaniora, 1999  |h 323 S., graph. Darst.  |z 3901449663  |z 8371120761  |g (1999), Seite 123-149, 6 Tab.  |w (DE-603)097803111 
924 0 |9 2080  |a (DE-603)787555983  |b DE-2080  |c HES  |d d  |g /